<?xml version="1.0" encoding="UTF-8"?>
<record
    xmlns:xsi="http://www.w3.org/2001/XMLSchema-instance"
    xsi:schemaLocation="http://www.loc.gov/MARC21/slim http://www.loc.gov/standards/marcxml/schema/MARC21slim.xsd"
    xmlns="http://www.loc.gov/MARC21/slim">

  <leader>00338    a2200133   4500</leader>
  <controlfield tag="001">34143</controlfield>
  <datafield tag="082" ind1=" " ind2=" ">
    <subfield code="a">532.05'0285 WES</subfield>
  </datafield>
  <datafield tag="090" ind1=" " ind2=" ">
    <subfield code="c">22623</subfield>
    <subfield code="d">22623</subfield>
  </datafield>
  <datafield tag="100" ind1=" " ind2=" ">
    <subfield code="a">Wesseling, Pieter</subfield>
  </datafield>
  <datafield tag="245" ind1=" " ind2=" ">
    <subfield code="a">Principles of computational fluid dynamics</subfield>
  </datafield>
  <datafield tag="260" ind1=" " ind2=" ">
    <subfield code="a">NY</subfield>
    <subfield code="b">Springer</subfield>
    <subfield code="c">2000</subfield>
  </datafield>
  <datafield tag="300" ind1=" " ind2=" ">
    <subfield code="a">xii, 644</subfield>
  </datafield>
  <datafield tag="500" ind1=" " ind2=" ">
    <subfield code="a">MS textbook Aerospace</subfield>
  </datafield>
  <datafield tag="942" ind1=" " ind2=" ">
    <subfield code="a">NUST-CAE</subfield>
    <subfield code="k">532.05'0285 WES</subfield>
  </datafield>
  <datafield tag="999" ind1=" " ind2=" ">
    <subfield code="c">269216</subfield>
    <subfield code="d">269216</subfield>
  </datafield>
  <datafield tag="952" ind1=" " ind2=" ">
    <subfield code="0">0</subfield>
    <subfield code="1">0</subfield>
    <subfield code="4">0</subfield>
    <subfield code="7">0</subfield>
    <subfield code="8">NFIC</subfield>
    <subfield code="a">CAE</subfield>
    <subfield code="b">CAE</subfield>
    <subfield code="d">2017-04-03</subfield>
    <subfield code="l">0</subfield>
    <subfield code="o">532.05'0285 WES</subfield>
    <subfield code="p">CAE74664</subfield>
    <subfield code="r">2017-04-05</subfield>
    <subfield code="w">2017-04-05</subfield>
    <subfield code="y">BK</subfield>
  </datafield>
  <datafield tag="952" ind1=" " ind2=" ">
    <subfield code="0">0</subfield>
    <subfield code="1">0</subfield>
    <subfield code="4">0</subfield>
    <subfield code="7">0</subfield>
    <subfield code="8">NFIC</subfield>
    <subfield code="a">CAE</subfield>
    <subfield code="b">CAE</subfield>
    <subfield code="d">2017-04-03</subfield>
    <subfield code="l">0</subfield>
    <subfield code="o">532.05'0285 WES</subfield>
    <subfield code="p">CAEN-787</subfield>
    <subfield code="r">2017-04-05</subfield>
    <subfield code="w">2017-04-05</subfield>
    <subfield code="y">BK</subfield>
  </datafield>
  <datafield tag="952" ind1=" " ind2=" ">
    <subfield code="0">0</subfield>
    <subfield code="1">0</subfield>
    <subfield code="4">0</subfield>
    <subfield code="7">0</subfield>
    <subfield code="8">NFIC</subfield>
    <subfield code="a">CAE</subfield>
    <subfield code="b">CAE</subfield>
    <subfield code="d">2017-04-03</subfield>
    <subfield code="l">0</subfield>
    <subfield code="o">532.05'0285 WES</subfield>
    <subfield code="p">CAE74668</subfield>
    <subfield code="r">2017-04-05</subfield>
    <subfield code="w">2017-04-05</subfield>
    <subfield code="y">BK</subfield>
  </datafield>
  <datafield tag="952" ind1=" " ind2=" ">
    <subfield code="0">0</subfield>
    <subfield code="1">0</subfield>
    <subfield code="4">0</subfield>
    <subfield code="7">0</subfield>
    <subfield code="8">NFIC</subfield>
    <subfield code="a">CAE</subfield>
    <subfield code="b">CAE</subfield>
    <subfield code="d">2017-04-03</subfield>
    <subfield code="l">0</subfield>
    <subfield code="o">532.05'0285 WES</subfield>
    <subfield code="p">CAE74667</subfield>
    <subfield code="r">2017-04-05</subfield>
    <subfield code="w">2017-04-05</subfield>
    <subfield code="y">BK</subfield>
  </datafield>
  <datafield tag="952" ind1=" " ind2=" ">
    <subfield code="0">0</subfield>
    <subfield code="1">0</subfield>
    <subfield code="4">0</subfield>
    <subfield code="7">0</subfield>
    <subfield code="8">NFIC</subfield>
    <subfield code="a">CAE</subfield>
    <subfield code="b">CAE</subfield>
    <subfield code="d">2017-04-03</subfield>
    <subfield code="l">0</subfield>
    <subfield code="o">532.05'0285 WES</subfield>
    <subfield code="p">CAE74666</subfield>
    <subfield code="r">2017-04-05</subfield>
    <subfield code="w">2017-04-05</subfield>
    <subfield code="y">BK</subfield>
  </datafield>
  <datafield tag="952" ind1=" " ind2=" ">
    <subfield code="0">0</subfield>
    <subfield code="1">0</subfield>
    <subfield code="4">0</subfield>
    <subfield code="7">0</subfield>
    <subfield code="8">NFIC</subfield>
    <subfield code="a">CAE</subfield>
    <subfield code="b">CAE</subfield>
    <subfield code="d">2017-04-03</subfield>
    <subfield code="l">0</subfield>
    <subfield code="o">532.05'0285 WES</subfield>
    <subfield code="p">CAE74665</subfield>
    <subfield code="r">2017-04-05</subfield>
    <subfield code="w">2017-04-05</subfield>
    <subfield code="y">BK</subfield>
  </datafield>
</record>
